|
|
|
|
| LEADER |
00000nam a2200000Ii 4500 |
| 001 |
DIGCGODT0012 |
| 003 |
NyNyDIG |
| 006 |
m o d |
| 007 |
cr ||||||||||| |
| 008 |
130101s2011 ag o 000 0 spa d |
| 020 |
|
|
|z 9789871489275
|
| 035 |
|
|
|a (OCoLC)888261827
|
| 040 |
|
|
|a DGITA
|b eng
|e pn
|c DGITA
|
| 041 |
1 |
|
|a spa
|h eng
|
| 043 |
|
|
|a n-us---
|
| 050 |
1 |
4 |
|a LA210 eBook
|
| 100 |
1 |
|
|a Illich, Ivan,
|d 1926-2002.
|
| 240 |
1 |
0 |
|a Deschooling society.
|l Spanish
|
| 245 |
1 |
3 |
|a La sociedad desescolarizada /
|c Ivan Illich.
|
| 264 |
|
1 |
|a Buenos Áires, Argentina :
|b Ediciones Godot,
|c 2011.
|
| 300 |
|
|
|a 1 online resource (146 pages)
|
| 336 |
|
|
|a text
|b txt
|2 rdacontent
|
| 337 |
|
|
|a computer
|b c
|2 rdamedia
|
| 338 |
|
|
|a online resource
|b cr
|2 rdacarrier
|
| 490 |
1 |
|
|a Colección exhumaciones.
|
| 500 |
|
|
|a Translation of: Deschooling society. New York, Harper & Row, 1971
|
| 505 |
0 |
|
|a Introducción (Ocotepec, Morelos, enero de 1978) -- 1. ¿Por qué debemos privar de apoyo oficial a la escuela? -- 2. Fenomenología de la escuela -- 3. Ritualización del progreso -- 4. Espectro institucional -- 5. Compatibilidades irracionales -- 6. Tramas de aprendizaje -- 7. Renacimiento del hombre epimeteico.
|
| 650 |
|
0 |
|a Education
|z United States.
|
| 650 |
|
0 |
|a Educational sociology
|z United States.
|
| 655 |
|
0 |
|a Electronic books.
|
| 791 |
2 |
|
|a Digitalia (Firm),
|e distributor.
|
| 830 |
|
0 |
|a Colección exhumaciones (Ediciones Godot).
|
| 793 |
0 |
|
|g Digitalia eBook Collection:
|a Ediciones Godot.
|
| 856 |
4 |
0 |
|3 Digitalia Hispánica
|u https://www.digitaliapublishing.com/a/18802/
|
| 910 |
|
|
|a Premium Collection: 2007-2012
|